00925cam a22002655a 450000100070000000500170000700800410002402000150006504000330008008200190011310000200013224501270015225000160027926000340029530000350032950000240036450000230038854100310041165000500044265100100049265300230050294200080052599900170053395201090055030338920180204113359.0721122r19741972enka fr 001 0 eng d a0716100622 aDLCcDLCdDLCdEG-ScBUEbeng04a658.7222bSAW1 aSawdy, L. C. W.14aThe economics of distribution :bmanagers' guide to trade-off and cost control in physical distribution /cL. W. C. Sawdy. aReprint ed. aEpping :bGower Press,c1974. axiii, 101 p. :bill. ;c26 cm. aReprint of 1972 ed. aIndex : p. 99-101. aDonation from David Kirby. 7aPhysical distribution of goods.2BUEsh931013 2BUEsh bGGENcFebruary2018 2ddc c26070d26042 00102ddc4070aMAINbMAINc1STd2018-02-04eDonationl0o658.7 SAWp000047216r2025-07-15 00:00:00yBB